000 00357nam a2200157 i 4500
001 bg
100 1 _aCHROŚCICKI, T.
245 0 _aRoboty murowe /
_cT. Chruścicki.
250 _aWyd.3 zakt.i uzup.
260 _aWarszawa,
_c1961.
040 _cBPK
041 _apol
080 _a692.2:693
942 _cKS
008 s pl f |000 0 pol
999 _c10156
_d10156
856 _uhttp://koha.tu.koszalin.pl/cgi-bin/koha/opac-detail.pl?biblionumber=10156
_yKatalog online BPK